000 00603cam a22001577a 4500
008 180718b2009 xxu||||| |||| 00| 0 eng d
082 _aQ39x54d C349
100 _aChakrabarti,P.G.Dhar
245 _aDisaster risk reduction for safe development: a study of corporate practices in india
_cChakrabarti,P.G.Dhar and Bandyopadhay,chandrani and Raina,ka
260 _aNew delhi
_bNational institute if disaster management
_c2009
300 _a86p.
650 _aSocial responsibility of business --India
650 _aHazard mitigation --India
700 _aRaina,Karuna
700 _aBandyopadhay,Chandrani
999 _c502448
_d502448